Standing at the margins: representation and electoral reservation in India (Record no. 404356)

000 -LEADER
fixed length control field 00621cam a22001697a 4500
008 - FIXED-LENGTH DATA ELEMENTS--GENERAL INFORMATION
fixed length control field 180718b2005 xxu||||| |||| 00| 0 eng d
020 ## - INTERNATIONAL STANDARD BOOK NUMBER
International Standard Book Number 0195672143
082 ## - DEWEY DECIMAL CLASSIFICATION NUMBER
Classification number F8x54 M228
100 ## - MAIN ENTRY--PERSONAL NAME
Personal name McMillan, Alistair
245 ## - TITLE STATEMENT
Title Standing at the margins: representation and electoral reservation in India
Statement of responsibility, etc. by Alistair McMillan
260 ## - PUBLICATION, DISTRIBUTION, ETC.
Place of publication, distribution, etc. New Delhi
Name of publisher, distributor, etc. Oxford Univ. Press
Date of publication, distribution, etc. 2005
300 ## - PHYSICAL DESCRIPTION
Extent 340p.
650 ## - SUBJECT ADDED ENTRY--TOPICAL TERM
Topical term or geographic name entry element India --Scheduled tribes --Political activity
650 ## - SUBJECT ADDED ENTRY--TOPICAL TERM
Topical term or geographic name entry element India --Politics and government
650 ## - SUBJECT ADDED ENTRY--TOPICAL TERM
Topical term or geographic name entry element Dalits --India --Politics and government
650 ## - SUBJECT ADDED ENTRY--TOPICAL TERM
Topical term or geographic name entry element Representative government and representation --India
Holdings
Withdrawn status Lost status Damaged status Not for loan Permanent Location Current Location Date acquired Full call number Barcode Date last seen Price effective from Koha item type
        Indian Institute of Public Administration Indian Institute of Public Administration 2005-08-29 F8x54 M228 80463 2018-07-21 2018-07-21 Book

Powered by Koha